| 000 | 00517nam a22002057a 4500 | ||
|---|---|---|---|
| 003 | OSt | ||
| 005 | 20140310184349.0 | ||
| 008 | 121113t xxu||||| |||| 00| 0 eng d | ||
| 020 | _a0439435390 | ||
| 050 |
_aPZ 7 _b.So69746 2004 |
||
| 245 |
_aFinding my hat / _cJohn Son |
||
| 260 |
_aNew York : _bScholastic Inc., _c2004. |
||
| 300 |
_g18 cm. _a185 p. : |
||
| 521 | _aG6 | ||
| 526 | _c840 | ||
| 562 | _e1 | ||
| 650 |
_aKorean Americans _xJuvenile fiction. _927209 |
||
| 942 |
_2lcc _cBK-SCHOLAS |
||
| 999 |
_c33911 _d33911 |
||